书目信息 |
| 题名: |
中外著名企业营销金典
|
|
| 作者: | 李太淼 主编 | |
| 分册: | ||
| 出版信息: | 郑州 河南人民出版社 1996.03 |
|
| 页数: | 368页 | |
| 开本: | 32开 | |
| 丛书名: | ||
| 单 册: | ||
| 中图分类: | F713.5 | |
| 科图分类: | ||
| 主题词: | 商业经济--国内 | |
| 电子资源: | ||
| ISBN: | 7-215-03645-6 | |
| 000 | 00584nam0 2200193 45 | |
| 001 | 0007251704 | |
| 005 | 20000725171146.7 | |
| 010 | @a7-215-03645-6@d12.80元 | |
| 100 | @a20000725d1996 km y0chiy0120 ea | |
| 101 | 0 | @achi |
| 105 | @a z 000yy | |
| 200 | 1 | @a中外著名企业营销金典@AZhong Wai Zhu Ming Qi Ye Ying Xiao Jin Dian@f李太淼等主编@FLi Tai Miao Deng Zhu Bian |
| 210 | @a郑州@c河南人民出版社@d1996.03 | |
| 215 | @a368页@d32开 | |
| 606 | 0 | @a商业经济@x国内 |
| 690 | @aF713.5@v3 | |
| 701 | 0 | @a李太淼@4主编 |
| 801 | @aCN@bPftUser@c20000725 | |
| 905 | @b78414-418@dF713.5@eL540@f5 | |
| 中外著名企业营销金典/李太淼等主编.-郑州:河南人民出版社,1996.03 |
| 368页;32开 |
| ISBN 7-215-03645-6:12.80元 |
| ● |
| 相关链接 |
|
|
|
正题名:中外著名企业营销金典
索取号:F713.5/L540
 
预约/预借
| 序号 | 登录号 | 条形码 | 馆藏地/架位号 | 状态 | 备注 |
| 1 | 78414 | 200784142 | 社科二线400B/400B社科库 31排1列6层/ [索取号:F713.5/L540] | 在馆 | |
| 2 | 78415 | 200784151 | 社科库409/409社科库 43排1列2层/ [索取号:F713.5/L540] | 在馆 | |
| 3 | 78416 | 200784160 | 社科库409/409社科库 43排1列2层/ [索取号:F713.5/L540] | 在馆 | |
| 4 | 78417 | 200784179 | 社科二线400B/400B社科库 31排1列6层/ [索取号:F713.5/L540] | 在馆 | |
| 5 | 78418 | 200784188 | 社科库409/ [索取号:F713.5/L540] | 在馆 |